Statistics for BBC Sherlock Quiz 2.0 || Medium

Click here to take the quiz!

General Stats

  • This quiz has been taken 18 times
  • The average score is 6 of 15

Answer Stats

CluesAnswer% Correct
Sergeant who consistently
dislikes Sherlock
Sergeant Donovan
72%
Moriarty's Comical Ringtone"Stayin' Alive"
72%
Actor of Mycroft Holmes and
co-writer of Sherlock
Mark Gattis
67%
Director of Sherlock, Steven
______
Moffat
67%
Season 3, Episode 3 titleHis Last Vow
56%
Journalist Morairty spread
rumours about Sherlock to
Kitty Riley
56%
Mycroft's phrase, "Balance of
___________"
Probability
44%
Delivered Mycroft Holmes
her Personal Phone No.
Lady Smallwood
39%
Prison in which Eurus
Holmes is incarcerated in
Sherrinford
39%
Television man selling cereal
with pun, 'I'm a serial killer'
Culverton Smith
33%
Who does Moriarty make
himself out to be in 2x3 ?
Richard Brook
28%
Mary Watson's real first
Name
Rosemund
6%
Sherlock's final problem,
regarding his sister's song
The Musgrave
Ritual
6%
Irene Adler states,"Disguise
is always _ ____ ________"
A self protrait
0%
Proclaimed Napoleon of
Blackmail
Charles Agaustus
Magnessun
0%

Score Distribution

Percentile by Number Answered

Percent of People with Each Score

Your Score History

You have not taken this quiz